「センター」がつく駅 - Statistics

General Stats
  • This quiz has been taken 1,050 times
  • The average score is 7 of 27
Answer Stats
所在地 駅名 % Correct
センター南
86%
センター北
85%
多摩センター
66%
京王多摩センター
60%
東京都 小田急多摩センター
55%
流通センター
38%
愛知県 国際センター
34%
宮城県 国際センター
34%
群馬県 心臓血管センター
27%
テレコムセンター
24%
埼玉県 ソシオ流通センター
21%
地区センター
20%
北海道 バスセンター前
19%
医療センター
18%
大阪府 トレードセンター前
17%
貿易センター
17%
尼崎センタープール前
16%
千葉県 スポーツセンター
15%
神奈川県 産業振興センター
14%
兵庫県 アイランドセンター
14%
計算科学センター
13%
総合リハビリセンター
11%
和歌山県 交通センター前
11%
広島県 商工センター入口
8%
熊本県 再春医療センター前
6%
富山県 急患医療センター前
5%
長崎県 メディカルセンター
5%
No matching quizzes found
Score Distribution
Percent of People with Each Score
Percentile by Number Answered
Your Score History
You have not taken this quiz